[Event "World Youth & Cadets Blitz Championships"]
[Site "Rhodes, Greece"]
[Date "2022.05.03"]
[Round "3.4"]
[White "Trushko, Andrii"]
[Black "Chyzy, Jakub"]
[Result "1-0"]
[TimeControl "5'/game & 2\"/move"]
[WhiteElo "2222"]
[BlackElo "2002"]

1. d4 {[%clk 00:05:03]} Nf6 {[%clk 00:05:03]} {[%emt 00:00:02]} 2. Bg5 {[%clk
00:05:04]} d5 {[%clk 00:05:03]} 3. Bxf6 {[%clk 00:05:05]} exf6 {[%clk
00:05:06]} 4. e3 {[%clk 00:05:05]} {[%emt 00:00:02]} Be6 {[%clk 00:05:07]} 5.
Nd2 {[%clk 00:04:42]} {[%emt 00:00:26]} Nd7 {[%clk 00:05:01]} {[%emt 00:00:08]}
6. Ngf3 {[%clk 00:04:39]} {[%emt 00:00:04]} Bd6 {[%clk 00:04:48]} {[%emt
00:00:16]} 7. c4 {[%clk 00:04:29]} {[%emt 00:00:13]} c6 {[%clk 00:04:49]} 8.
Qc2 {[%clk 00:04:25]} {[%emt 00:00:06]} f5 {[%clk 00:04:32]} {[%emt 00:00:18]}
9. a3 {[%clk 00:04:14]} {[%emt 00:00:13]} O-O {[%clk 00:04:28]} {[%emt
00:00:06]} 10. cxd5 {[%clk 00:04:07]} {[%emt 00:00:10]} cxd5 {[%clk 00:04:29]}
{[%emt 00:00:01]} 11. Bd3 {[%clk 00:04:05]} {[%emt 00:00:03]} Rc8 {[%clk
00:03:57]} {[%emt 00:00:34]} 12. Qb1 {[%clk 00:03:56]} {[%emt 00:00:12]} g6
{[%clk 00:03:46]} {[%emt 00:00:14]} 13. h4 {[%clk 00:03:57]} {[%emt 00:00:01]}
Nf6 {[%clk 00:03:37]} {[%emt 00:00:11]} 14. g3 {[%clk 00:03:47]} {[%emt
00:00:11]} Ne4 {[%clk 00:03:29]} {[%emt 00:00:10]} 15. Qd1 {[%clk 00:03:20]}
{[%emt 00:00:29]} Qc7 {[%clk 00:02:26]} {[%emt 00:01:05]} 16. Ng5 {[%clk
00:02:13]} {[%emt 00:01:09]} h6 {[%clk 00:00:31]} {[%emt 00:01:57]} 17. Nxe6
{[%clk 00:00:48]} {[%emt 00:01:27]} fxe6 {[%clk 00:00:30]} {[%emt 00:00:03]} 18.
Rg1 {[%clk 00:00:49]} e5 {[%clk 00:00:12]} {[%emt 00:00:19]} 19. Nf3 {[%clk
00:00:45]} {[%emt 00:00:06]} exd4 {[%clk 00:00:10]} {[%emt 00:00:05]} 20. Nxd4
{[%clk 00:00:46]} {[%emt 00:00:01]} Qa5+ {[%clk 00:00:11]} {[%emt 00:00:01]} 21.
Kf1 {[%clk 00:00:44]} {[%emt 00:00:04]} Kh7 {[%clk 00:00:08]} {[%emt 00:00:05]}
22. Kg2 {[%clk 00:00:42]} {[%emt 00:00:04]} Rf7 {[%clk 00:00:07]} {[%emt
00:00:03]} 23. h5 {[%clk 00:00:35]} {[%emt 00:00:08]} g5 {[%clk 00:00:06]}
{[%emt 00:00:04]} 24. Rc1 {[%clk 00:00:27]} {[%emt 00:00:10]} Rxc1 {[%clk
00:00:05]} {[%emt 00:00:02]} 25. Qxc1 {[%clk 00:00:28]} {[%emt 00:00:01]} Qd8
{[%clk 00:00:05]} {[%emt 00:00:03]} 26. Qc2 {[%clk 00:00:22]} {[%emt 00:00:08]}
Qf6 {[%clk 00:00:06]} 27. Rf1 {[%clk 00:00:18]} {[%emt 00:00:06]} Qe5 {[%clk
00:00:07]} {[%emt 00:00:01]} 28. Bxe4 {[%clk 00:00:15]} {[%emt 00:00:05]} fxe4
{[%clk 00:00:08]} 29. Qc8 {[%clk 00:00:16]} Rc7 {[%clk 00:00:06]} {[%emt
00:00:04]} 30. Qg4 {[%clk 00:00:16]} {[%emt 00:00:02]} Rf7 {[%clk 00:00:07]}
{[%emt 00:00:01]} 31. Rc1 {[%clk 00:00:15]} {[%emt 00:00:03]} Qf6 {[%clk
00:00:08]} 32. Rc2 {[%clk 00:00:16]} {[%emt 00:00:01]} Be5 {[%clk 00:00:09]}
{[%emt 00:00:01]} 33. Nb3 {[%clk 00:00:07]} {[%emt 00:00:11]} Bxb2 {[%clk
00:00:09]} {[%emt 00:00:02]} 34. a4 {[%clk 00:00:08]} Be5 {[%clk 00:00:08]}
{[%emt 00:00:03]} 35. Kg1 {[%clk 00:00:06]} {[%emt 00:00:04]} Qf3 {[%clk
00:00:05]} {[%emt 00:00:05]} 36. Qxf3 {[%clk 00:00:07]} 1-0

[Event "World Youth & Cadets Blitz Championships"]
[Site "Rhodes, Greece"]
[Date "2022.05.03"]
[Round "3.5"]
[White "Rakhmatullaev, Almas"]
[Black "Nareks, Matic"]
[Result "0-1"]
[TimeControl "5'/game & 2\"/move"]
[WhiteElo "1956"]
[BlackElo "2147"]

1. e4 {[%clk 00:05:03]} {[%emt 00:00:02]} c5 {[%clk 00:05:04]} 2. c3 {[%clk
00:05:04]} d5 {[%clk 00:05:05]} {[%emt 00:00:01]} 3. exd5 {[%clk 00:05:05]}
{[%emt 00:00:02]} Qxd5 {[%clk 00:05:05]} {[%emt 00:00:01]} 4. d4 {[%clk
00:05:06]} {[%emt 00:00:01]} g6 {[%clk 00:05:06]} {[%emt 00:00:01]} 5. Nf3
{[%clk 00:05:01]} {[%emt 00:00:06]} Bg7 {[%clk 00:05:07]} {[%emt 00:00:01]} 6.
dxc5 {[%clk 00:05:00]} {[%emt 00:00:03]} Qxc5 {[%clk 00:05:06]} {[%emt
00:00:02]} 7. Be3 {[%clk 00:05:01]} {[%emt 00:00:01]} Qc7 {[%clk 00:05:06]}
{[%emt 00:00:02]} 8. Na3 {[%clk 00:04:59]} {[%emt 00:00:04]} a6 {[%clk
00:05:06]} {[%emt 00:00:03]} 9. Nc4 {[%clk 00:04:58]} {[%emt 00:00:03]} Nd7
{[%clk 00:05:05]} {[%emt 00:00:03]} 10. Qd2 {[%clk 00:04:52]} {[%emt 00:00:08]}
b5 {[%clk 00:04:50]} {[%emt 00:00:17]} 11. Bf4 {[%clk 00:04:47]} {[%emt
00:00:06]} Qb7 {[%clk 00:04:27]} {[%emt 00:00:26]} 12. Na5 {[%clk 00:04:37]}
{[%emt 00:00:12]} Qb6 {[%clk 00:04:20]} {[%emt 00:00:08]} 13. Qd5 {[%clk
00:03:53]} {[%emt 00:00:47]} Ngf6 {[%clk 00:03:28]} {[%emt 00:00:54]} 14. Qxa8
{[%clk 00:03:29]} {[%emt 00:00:26]} O-O {[%clk 00:03:28]} {[%emt 00:00:02]} 15.
Qc6 {[%clk 00:02:48]} {[%emt 00:00:43]} Qxa5 {[%clk 00:03:24]} {[%emt
00:00:06]} 16. Be2 {[%clk 00:02:31]} {[%emt 00:00:19]} e5 {[%clk 00:02:32]}
{[%emt 00:00:54]} 17. Be3 {[%clk 00:01:35]} {[%emt 00:00:58]} e4 {[%clk
00:02:11]} {[%emt 00:00:23]} 18. Nd4 {[%clk 00:01:20]} {[%emt 00:00:16]} Ne5
{[%clk 00:02:01]} {[%emt 00:00:12]} 19. Qc5 {[%clk 00:01:18]} {[%emt 00:00:03]}
Nfd7 {[%clk 00:01:52]} {[%emt 00:00:12]} 20. Qb4 {[%clk 00:01:07]} {[%emt
00:00:13]} Qxb4 {[%clk 00:01:46]} {[%emt 00:00:08]} 21. cxb4 {[%clk 00:01:08]}
{[%emt 00:00:02]} Nd3+ {[%clk 00:01:47]} 22. Bxd3 {[%clk 00:01:02]} {[%emt
00:00:09]} exd3 {[%clk 00:01:48]} {[%emt 00:00:01]} 23. O-O-O {[%clk 00:00:49]}
{[%emt 00:00:15]} Ne5 {[%clk 00:01:45]} {[%emt 00:00:06]} 24. Bf4 {[%clk
00:00:30]} {[%emt 00:00:19]} Bb7 {[%clk 00:01:37]} {[%emt 00:00:10]} 25. Bxe5
{[%clk 00:00:15]} {[%emt 00:00:17]} Bxe5 {[%clk 00:01:38]} {[%emt 00:00:02]} 26.
Nf3 {[%clk 00:00:16]} Bf4+ {[%clk 00:01:26]} {[%emt 00:00:13]} 27. Kb1 {[%clk
00:00:18]} {[%emt 00:00:01]} Rc8 {[%clk 00:01:15]} {[%emt 00:00:13]} 28. Nd4
{[%clk 00:00:05]} {[%emt 00:00:15]} Bxg2 {[%clk 00:01:11]} {[%emt 00:00:06]} 29.
Rhg1 {[%clk 00:00:06]} Be4 {[%clk 00:01:01]} {[%emt 00:00:13]} 30. f3 {[%clk
00:00:07]} {[%emt 00:00:01]} Bd5 {[%clk 00:00:39]} {[%emt 00:00:24]} 31. Rxd3
{[%clk 00:00:07]} {[%emt 00:00:02]} Bc4 {[%clk 00:00:39]} {[%emt 00:00:02]} 32.
Rc3 {[%clk 00:00:06]} {[%emt 00:00:03]} Rd8 {[%clk 00:00:32]} {[%emt 00:00:10]}
33. Nc2 {[%clk 00:00:07]} Bxh2 {[%clk 00:00:29]} {[%emt 00:00:04]} 34. Rh1
{[%clk 00:00:05]} {[%emt 00:00:03]} Be5 {[%clk 00:00:28]} {[%emt 00:00:04]} 35.
Ra3 {[%clk 00:00:04]} {[%emt 00:00:03]} Rd6 {[%clk 00:00:24]} {[%emt 00:00:05]}
36. Ne3 {[%clk 00:00:04]} {[%emt 00:00:03]} Be6 {[%clk 00:00:24]} {[%emt
00:00:02]} 37. Rd1 {[%clk 00:00:04]} {[%emt 00:00:02]} Rc6 {[%clk 00:00:12]}
{[%emt 00:00:14]} 38. Rc1 {[%clk 00:00:05]} {[%emt 00:00:01]} Rb6 {[%clk
00:00:13]} 39. Rc5 {[%clk 00:00:03]} {[%emt 00:00:04]} Bd6 {[%clk 00:00:12]}
{[%emt 00:00:03]} 40. Rc2 {[%clk 00:00:03]} {[%emt 00:00:02]} Bxb4 {[%clk
00:00:12]} {[%emt 00:00:02]} 41. Rd3 {[%clk 00:00:05]} Kg7 {[%clk 00:00:13]}
{[%emt 00:00:02]} 42. Rc7 {[%clk 00:00:04]} {[%emt 00:00:03]} Bd6 {[%clk
00:00:12]} {[%emt 00:00:02]} 43. Ra7 {[%clk 00:00:05]} {[%emt 00:00:01]} Be5
{[%clk 00:00:13]} {[%emt 00:00:02]} 44. a3 {[%clk 00:00:03]} {[%emt 00:00:03]}
h5 {[%clk 00:00:14]} 45. Kc2 {[%clk 00:00:04]} {[%emt 00:00:02]} Rc6+ {[%clk
00:00:14]} 46. Kd2 {[%clk 00:00:04]} {[%emt 00:00:02]} Bxb2 {[%clk 00:00:15]}
{[%emt 00:00:02]} 47. f4 {[%clk 00:00:04]} {[%emt 00:00:01]} Bf6 {[%clk
00:00:15]} {[%emt 00:00:03]} 48. Ke2 {[%clk 00:00:03]} {[%emt 00:00:02]} h4
{[%clk 00:00:11]} {[%emt 00:00:06]} 49. Kf3 {[%clk 00:00:05]} {[%emt 00:00:01]}
h3 {[%clk 00:00:09]} {[%emt 00:00:03]} 50. Kg3 {[%clk 00:00:05]} {[%emt
00:00:02]} Bc3 {[%clk 00:00:05]} {[%emt 00:00:06]} 51. f5 {[%clk 00:00:04]}
{[%emt 00:00:02]} gxf5 {[%clk 00:00:06]} {[%emt 00:00:02]} 52. Kf4 {[%clk
00:00:03]} {[%emt 00:00:03]} Ba5 {[%clk 00:00:06]} {[%emt 00:00:02]} 53. Nf1
{[%clk 00:00:03]} {[%emt 00:00:02]} Bc7+ {[%clk 00:00:07]} 54. Kg5 {[%clk
00:00:03]} {[%emt 00:00:02]} Bb6 {[%clk 00:00:07]} {[%emt 00:00:02]} 55. Rb7
{[%clk 00:00:03]} {[%emt 00:00:02]} Bc5 {[%clk 00:00:08]} {[%emt 00:00:01]} 56.
Rxh3 {[%clk 00:00:04]} {[%emt 00:00:01]} f4 {[%clk 00:00:06]} {[%emt 00:00:04]}
57. Rd3 {[%clk 00:00:05]} Bc4 {[%clk 00:00:06]} {[%emt 00:00:02]} 58. Rdd7
{[%clk 00:00:06]} {[%emt 00:00:01]} Rg6+ {[%clk 00:00:06]} {[%emt 00:00:02]} 59.
Kxf4 {[%clk 00:00:06]} {[%emt 00:00:02]} Rf6+ {[%clk 00:00:07]} 60. Ke5 {[%clk
00:00:08]} Rxf1 {[%clk 00:00:08]} {[%emt 00:00:01]} 61. Rdc7 {[%clk 00:00:07]}
{[%emt 00:00:03]} Bxa3 {[%clk 00:00:09]} 62. Ra7 {[%clk 00:00:06]} {[%emt
00:00:03]} Rf6 {[%clk 00:00:10]} 63. Rc8 {[%clk 00:00:06]} {[%emt 00:00:02]}
Re6+ {[%clk 00:00:11]} {[%emt 00:00:02]} 64. Kf5 {[%clk 00:00:07]} {[%emt
00:00:01]} Rf6+ {[%clk 00:00:11]} {[%emt 00:00:01]} 65. Ke5 {[%clk 00:00:08]}
{[%emt 00:00:02]} Rg6 {[%clk 00:00:12]} {[%emt 00:00:01]} 66. Raa8 {[%clk
00:00:07]} {[%emt 00:00:02]} Bb2+ {[%clk 00:00:13]} {[%emt 00:00:02]} 67. Kf5
{[%clk 00:00:07]} Be6+ {[%clk 00:00:13]} {[%emt 00:00:02]} 68. Kf4 {[%clk
00:00:08]} Bxc8 {[%clk 00:00:12]} {[%emt 00:00:02]} 0-1

[Event "World Youth & Cadets Blitz Championships"]
[Site "Rhodes, Greece"]
[Date "2022.05.03"]
[Round "3.6"]
[White "Kusiak, Mateusz"]
[Black "Pidluznij, Gleb"]
[Result "1/2-1/2"]
[TimeControl "5'/game & 2\"/move"]
[WhiteElo "1631"]
[BlackElo "2044"]

1. e4 {[%clk 00:05:02]} c5 {[%clk 00:05:03]} {[%emt 00:00:02]} 2. Nf3 {[%clk
00:05:03]} {[%emt 00:00:01]} Nc6 {[%clk 00:05:04]} {[%emt 00:00:01]} 3. d4
{[%clk 00:05:04]} {[%emt 00:00:02]} cxd4 {[%clk 00:05:04]} 4. Nxd4 {[%clk
00:05:04]} {[%emt 00:00:01]} Nf6 {[%clk 00:05:05]} {[%emt 00:00:02]} 5. Nc3
{[%clk 00:05:05]} e5 {[%clk 00:05:06]} {[%emt 00:00:01]} 6. Ndb5 {[%clk
00:05:04]} {[%emt 00:00:03]} d6 {[%clk 00:05:07]} {[%emt 00:00:01]} 7. Bg5
{[%clk 00:05:05]} {[%emt 00:00:01]} a6 {[%clk 00:05:08]} {[%emt 00:00:01]} 8.
Na3 {[%clk 00:05:06]} {[%emt 00:00:01]} b5 {[%clk 00:05:09]} 9. Nd5 {[%clk
00:05:06]} {[%emt 00:00:02]} Be7 {[%clk 00:05:10]} 10. Bxf6 {[%clk 00:05:07]}
{[%emt 00:00:02]} Bxf6 {[%clk 00:05:11]} {[%emt 00:00:01]} 11. c4 {[%clk
00:05:05]} {[%emt 00:00:05]} b4 {[%clk 00:05:12]} {[%emt 00:00:01]} 12. Nc2
{[%clk 00:05:06]} O-O {[%clk 00:05:11]} {[%emt 00:00:02]} 13. Bd3 {[%clk
00:05:03]} {[%emt 00:00:05]} a5 {[%clk 00:05:05]} {[%emt 00:00:08]} 14. O-O
{[%clk 00:05:02]} {[%emt 00:00:03]} Be6 {[%clk 00:05:06]} {[%emt 00:00:01]} 15.
Kh1 {[%clk 00:05:01]} {[%emt 00:00:04]} Bg5 {[%clk 00:04:52]} {[%emt 00:00:15]}
16. f4 {[%clk 00:04:27]} {[%emt 00:00:37]} exf4 {[%clk 00:04:37]} {[%emt
00:00:16]} 17. Nxf4 {[%clk 00:04:26]} {[%emt 00:00:02]} Bxf4 {[%clk 00:04:35]}
{[%emt 00:00:05]} 18. Rxf4 {[%clk 00:04:26]} {[%emt 00:00:02]} Qb6 {[%clk
00:04:36]} 19. b3 {[%clk 00:03:44]} {[%emt 00:00:44]} Ne5 {[%clk 00:04:35]}
{[%emt 00:00:03]} 20. Qd2 {[%clk 00:03:18]} {[%emt 00:00:29]} Rab8 {[%clk
00:04:07]} {[%emt 00:00:29]} 21. Rd1 {[%clk 00:02:48]} {[%emt 00:00:32]} Rfd8
{[%clk 00:03:43]} {[%emt 00:00:27]} 22. Be2 {[%clk 00:02:49]} {[%emt 00:00:01]}
Qc5 {[%clk 00:02:52]} {[%emt 00:00:53]} 23. Nd4 {[%clk 00:02:22]} {[%emt
00:00:29]} Rb6 {[%clk 00:01:48]} {[%emt 00:01:06]} 24. Nb5 {[%clk 00:01:59]}
{[%emt 00:00:25]} h6 {[%clk 00:01:36]} {[%emt 00:00:13]} 25. Qd4 {[%clk
00:01:57]} {[%emt 00:00:04]} Qxd4 {[%clk 00:01:22]} {[%emt 00:00:16]} 26. Rxd4
{[%clk 00:01:43]} {[%emt 00:00:16]} Rd7 {[%clk 00:01:21]} {[%emt 00:00:04]} 27.
Rf1 {[%clk 00:01:32]} {[%emt 00:00:13]} Kf8 {[%clk 00:01:20]} {[%emt 00:00:02]}
28. Rd2 {[%clk 00:01:15]} {[%emt 00:00:18]} Ke7 {[%clk 00:01:10]} {[%emt
00:00:12]} 29. Rfd1 {[%clk 00:01:16]} {[%emt 00:00:02]} Ng6 {[%clk 00:00:44]}
{[%emt 00:00:28]} 30. Kg1 {[%clk 00:01:04]} {[%emt 00:00:15]} Ne5 {[%clk
00:00:44]} {[%emt 00:00:01]} 31. Nd4 {[%clk 00:00:56]} {[%emt 00:00:11]} Rc7
{[%clk 00:00:36]} {[%emt 00:00:09]} 32. Kf2 {[%clk 00:00:49]} {[%emt 00:00:09]}
g6 {[%clk 00:00:32]} {[%emt 00:00:06]} 33. Nb5 {[%clk 00:00:44]} {[%emt
00:00:07]} Rd7 {[%clk 00:00:33]} {[%emt 00:00:02]} 34. h3 {[%clk 00:00:42]}
{[%emt 00:00:04]} Rc6 {[%clk 00:00:13]} {[%emt 00:00:21]} 35. Ke3 {[%clk
00:00:43]} {[%emt 00:00:01]} Rb6 {[%clk 00:00:14]} {[%emt 00:00:02]} 36. Nd4
{[%clk 00:00:34]} {[%emt 00:00:10]} Rc7 {[%clk 00:00:10]} {[%emt 00:00:06]} 37.
Nf3 {[%clk 00:00:31]} {[%emt 00:00:05]} Nxf3 {[%clk 00:00:07]} {[%emt
00:00:05]} 38. Bxf3 {[%clk 00:00:25]} {[%emt 00:00:08]} Rc5 {[%clk 00:00:08]}
39. Kf4 {[%clk 00:00:18]} {[%emt 00:00:09]} a4 {[%clk 00:00:09]} {[%emt
00:00:02]} 40. Be2 {[%clk 00:00:17]} {[%emt 00:00:03]} axb3 {[%clk 00:00:09]}
{[%emt 00:00:02]} 41. axb3 {[%clk 00:00:18]} Ra6 {[%clk 00:00:07]} {[%emt
00:00:04]} 42. Rd3 {[%clk 00:00:15]} {[%emt 00:00:05]} g5+ {[%clk 00:00:07]}
{[%emt 00:00:01]} 43. Kg3 {[%clk 00:00:16]} {[%emt 00:00:01]} Ra2 {[%clk
00:00:07]} {[%emt 00:00:02]} 44. Bf3 {[%clk 00:00:13]} {[%emt 00:00:05]} Ra6
{[%clk 00:00:07]} {[%emt 00:00:03]} 45. R1d2 {[%clk 00:00:08]} {[%emt
00:00:07]} Re5 {[%clk 00:00:07]} {[%emt 00:00:01]} 46. Rd4 {[%clk 00:00:08]}
{[%emt 00:00:02]} Rc5 {[%clk 00:00:07]} {[%emt 00:00:02]} 47. Bg4 {[%clk
00:00:09]} Re5 {[%clk 00:00:04]} {[%emt 00:00:05]} 48. Bxe6 {[%clk 00:00:08]}
{[%emt 00:00:03]} Rxe6 {[%clk 00:00:04]} {[%emt 00:00:02]} 49. Kg4 {[%clk
00:00:08]} {[%emt 00:00:01]} Ra3 {[%clk 00:00:05]} {[%emt 00:00:01]} 50. R2d3
{[%clk 00:00:07]} {[%emt 00:00:04]} Ra2 {[%clk 00:00:06]} 51. g3 {[%clk
00:00:08]} {[%emt 00:00:01]} Re2 {[%clk 00:00:07]} 52. Kf3 {[%clk 00:00:09]}
{[%emt 00:00:02]} Rh2 {[%clk 00:00:08]} {[%emt 00:00:01]} 53. Kg4 {[%clk
00:00:10]} {[%emt 00:00:01]} Re2 {[%clk 00:00:08]} {[%emt 00:00:02]} 54. Kf3
{[%clk 00:00:11]} Rh2 {[%clk 00:00:04]} {[%emt 00:00:06]} 1/2-1/2

[Event "World Youth & Cadets Blitz Championships"]
[Site "Rhodes, Greece"]
[Date "2022.05.03"]
[Round "3.7"]
[White "Ohler, Julius"]
[Black "Gregoric, Andraz"]
[Result "0-1"]
[TimeControl "5'/game & 2\"/move"]
[WhiteElo "1677"]
[BlackElo "1948"]

1. d4 {[%clk 00:05:03]} Nf6 {[%clk 00:05:04]} {[%emt 00:00:01]} 2. Bg5 {[%clk
00:05:03]} {[%emt 00:00:02]} Ne4 {[%clk 00:05:04]} {[%emt 00:00:01]} 3. h4
{[%clk 00:05:04]} {[%emt 00:00:01]} h6 {[%clk 00:05:04]} {[%emt 00:00:02]} 4.
Bf4 {[%clk 00:04:50]} {[%emt 00:00:16]} c5 {[%clk 00:05:05]} {[%emt 00:00:01]}
5. d5 {[%clk 00:04:39]} {[%emt 00:00:13]} Qb6 {[%clk 00:05:02]} {[%emt
00:00:06]} 6. Nd2 {[%clk 00:04:39]} {[%emt 00:00:02]} Nxd2 {[%clk 00:04:53]}
{[%emt 00:00:11]} 7. Bxd2 {[%clk 00:04:40]} {[%emt 00:00:01]} Qxb2 {[%clk
00:04:45]} {[%emt 00:00:10]} 8. e4 {[%clk 00:04:30]} {[%emt 00:00:11]} g6
{[%clk 00:04:20]} {[%emt 00:00:27]} 9. Rb1 {[%clk 00:03:59]} {[%emt 00:00:33]}
Qe5 {[%clk 00:04:00]} {[%emt 00:00:22]} 10. Bd3 {[%clk 00:03:54]} {[%emt
00:00:07]} Bg7 {[%clk 00:04:01]} {[%emt 00:00:02]} 11. Nf3 {[%clk 00:03:55]}
{[%emt 00:00:01]} Qc7 {[%clk 00:03:55]} {[%emt 00:00:07]} 12. Qe2 {[%clk
00:03:31]} {[%emt 00:00:26]} d6 {[%clk 00:03:54]} {[%emt 00:00:03]} 13. h5
{[%clk 00:03:21]} {[%emt 00:00:13]} g5 {[%clk 00:03:53]} {[%emt 00:00:03]} 14.
e5 {[%clk 00:02:05]} {[%emt 00:01:18]} Bg4 {[%clk 00:03:23]} {[%emt 00:00:31]}
15. e6 {[%clk 00:01:43]} {[%emt 00:00:24]} fxe6 {[%clk 00:03:08]} {[%emt
00:00:17]} 16. Bg6+ {[%clk 00:01:28]} {[%emt 00:00:17]} Kd8 {[%clk 00:03:09]}
{[%emt 00:00:01]} 17. dxe6 {[%clk 00:01:08]} {[%emt 00:00:22]} Rf8 {[%clk
00:03:00]} {[%emt 00:00:11]} 18. Qe4 {[%clk 00:00:56]} {[%emt 00:00:14]} Bxf3
{[%clk 00:02:47]} {[%emt 00:00:16]} 19. gxf3 {[%clk 00:00:57]} Qc6 {[%clk
00:02:10]} {[%emt 00:00:38]} 20. Rxb7 {[%clk 00:00:53]} {[%emt 00:00:07]} d5
{[%clk 00:00:55]} {[%emt 00:01:18]} 21. Ba5+ {[%clk 00:00:52]} {[%emt
00:00:02]} Kc8 {[%clk 00:00:50]} {[%emt 00:00:07]} 22. Qxd5 {[%clk 00:00:24]}
{[%emt 00:00:29]} Qxb7 {[%clk 00:00:42]} {[%emt 00:00:11]} 23. Qxc5+ {[%clk
00:00:08]} {[%emt 00:00:19]} Qc6 {[%clk 00:00:21]} {[%emt 00:00:22]} 24. Qxe7
{[%clk 00:00:07]} {[%emt 00:00:02]} Rf6 {[%clk 00:00:12]} {[%emt 00:00:12]} 25.
Be4 {[%clk 00:00:05]} {[%emt 00:00:04]} Rxe6 {[%clk 00:00:11]} {[%emt
00:00:04]} 26. Qd8+ {[%clk 00:00:04]} {[%emt 00:00:03]} Kb7 {[%clk 00:00:11]}
{[%emt 00:00:02]} 27. O-O {[%clk 00:00:00]} {[%emt 00:00:02]} Rxe4 {[%clk
00:00:11]} {[%emt 00:00:05]} 28. fxe4 {[%clk 00:00:00]} {[%emt 00:00:03]} 0-1

[Event "World Youth & Cadets Blitz Championships"]
[Site "Rhodes, Greece"]
[Date "2022.05.03"]
[Round "3.8"]
[White "Garner, Isaac"]
[Black "Tobak, Mikhail"]
[Result "0-1"]
[TimeControl "5'/game & 2\"/move"]
[WhiteElo "2283"]
[BlackElo "2068"]

1. d4 {[%clk 00:05:02]} {[%emt 00:00:03]} Nf6 {[%clk 00:05:03]} {[%emt
00:00:01]} 2. c4 {[%clk 00:05:03]} e6 {[%clk 00:05:04]} {[%emt 00:00:01]} 3.
Nc3 {[%clk 00:05:04]} {[%emt 00:00:01]} Bb4 {[%clk 00:05:05]} 4. f3 {[%clk
00:05:06]} c5 {[%clk 00:04:39]} {[%emt 00:00:28]} 5. d5 {[%clk 00:05:07]}
{[%emt 00:00:01]} Bxc3+ {[%clk 00:04:30]} {[%emt 00:00:11]} 6. bxc3 {[%clk
00:05:08]} {[%emt 00:00:01]} d6 {[%clk 00:04:30]} {[%emt 00:00:02]} 7. e4
{[%clk 00:05:08]} {[%emt 00:00:02]} Qe7 {[%clk 00:04:30]} {[%emt 00:00:02]} 8.
Bd3 {[%clk 00:04:37]} {[%emt 00:00:31]} Nbd7 {[%clk 00:04:28]} {[%emt
00:00:05]} 9. Ne2 {[%clk 00:04:35]} {[%emt 00:00:04]} O-O {[%clk 00:04:11]}
{[%emt 00:00:19]} 10. h4 {[%clk 00:04:29]} {[%emt 00:00:08]} Ne5 {[%clk
00:04:09]} {[%emt 00:00:04]} 11. h5 {[%clk 00:04:25]} {[%emt 00:00:06]} h6
{[%clk 00:03:56]} {[%emt 00:00:16]} 12. Be3 {[%clk 00:02:36]} {[%emt 00:01:51]}
b6 {[%clk 00:03:15]} {[%emt 00:00:43]} 13. Bf2 {[%clk 00:02:00]} {[%emt
00:00:37]} Ba6 {[%clk 00:03:09]} {[%emt 00:00:09]} 14. f4 {[%clk 00:01:58]}
{[%emt 00:00:03]} Nxd3+ {[%clk 00:03:01]} {[%emt 00:00:11]} 15. Qxd3 {[%clk
00:01:59]} {[%emt 00:00:01]} exd5 {[%clk 00:03:02]} {[%emt 00:00:01]} 16. exd5
{[%clk 00:01:59]} {[%emt 00:00:01]} Rae8 {[%clk 00:02:56]} {[%emt 00:00:09]} 17.
Kf1 {[%clk 00:02:00]} Qe4 {[%clk 00:02:54]} {[%emt 00:00:04]} 0-1

[Event "World Youth & Cadets Blitz Championships"]
[Site "Rhodes, Greece"]
[Date "2022.05.03"]
[Round "3.9"]
[White "Hagner, Bennet"]
[Black "Assylov, Miras"]
[Result "1-0"]
[TimeControl "5'/game & 2\"/move"]
[WhiteElo "2044"]
[BlackElo "1891"]

1. e4 {[%clk 00:05:03]} c5 {[%clk 00:05:04]} {[%emt 00:00:01]} 2. Nf3 {[%clk
00:05:04]} {[%emt 00:00:01]} e6 {[%clk 00:05:05]} {[%emt 00:00:01]} 3. d4
{[%clk 00:05:05]} cxd4 {[%clk 00:05:06]} 4. Nxd4 {[%clk 00:05:07]} Nf6 {[%clk
00:05:06]} {[%emt 00:00:02]} 5. Nc3 {[%clk 00:05:08]} {[%emt 00:00:01]} d6
{[%clk 00:05:07]} 6. g4 {[%clk 00:05:08]} {[%emt 00:00:01]} e5 {[%clk
00:05:07]} {[%emt 00:00:03]} 7. Bb5+ {[%clk 00:04:39]} {[%emt 00:00:30]} Bd7
{[%clk 00:05:07]} {[%emt 00:00:02]} 8. Bxd7+ {[%clk 00:04:34]} {[%emt
00:00:07]} Qxd7 {[%clk 00:05:08]} {[%emt 00:00:02]} 9. Nf5 {[%clk 00:04:30]}
{[%emt 00:00:06]} h5 {[%clk 00:05:08]} {[%emt 00:00:02]} 10. Bg5 {[%clk
00:03:27]} {[%emt 00:01:05]} Nh7 {[%clk 00:05:08]} {[%emt 00:00:02]} 11. h4
{[%clk 00:02:12]} {[%emt 00:01:16]} hxg4 {[%clk 00:03:50]} {[%emt 00:01:21]} 12.
Bd2 {[%clk 00:01:05]} {[%emt 00:01:08]} g6 {[%clk 00:02:04]} {[%emt 00:01:48]}
13. Ne3 {[%clk 00:00:57]} {[%emt 00:00:10]} f5 {[%clk 00:02:05]} {[%emt
00:00:01]} 14. Ned5 {[%clk 00:00:40]} {[%emt 00:00:19]} f4 {[%clk 00:01:29]}
{[%emt 00:00:39]} 15. Rg1 {[%clk 00:00:37]} {[%emt 00:00:04]} Nc6 {[%clk
00:01:13]} {[%emt 00:00:19]} 16. Qxg4 {[%clk 00:00:32]} {[%emt 00:00:07]} Qxg4
{[%clk 00:01:03]} {[%emt 00:00:13]} 17. Rxg4 {[%clk 00:00:33]} {[%emt
00:00:01]} 1-0